000
00262nam a2200109Ia 4500
008
220204s9999 xx 000 0 und d
082
_a
65(035)
_b
HUN
245
0
_a
Manager's handbook
260
_a
London
_b
Sphere
_c
1986
700
_a
Hunningher, Erica
942
_c
BK
999
_c
39183
_d
39183